Statistics for Warmest Urban Areas in the UK

Click here to take the quiz!

General Stats

  • This quiz has been taken 120 times
  • The average score is 9 of 21

Answer Stats

Temp.Answer% Correct
11.0London
99%
10.5Brighton
81%
10.6Bristol
79%
11.1Plymouth
75%
11.4Portsmouth
74%
11.4Southampton
74%
10.9Cardiff
64%
10.8Exeter
63%
10.7Oxford
54%
11.0Swansea
50%
10.6Reading
47%
10.8Gloucester
29%
11.4Torbay
22%
10.9Colchester
21%
10.8Southend
19%
11.1Hastings
13%
11.3Slough
12%
11.5Eastbourne
10%
11.2Medway
10%
10.7Thanet
5%
10.7Basildon
2%

Score Distribution

Percentile by Number Answered

Percent of People with Each Score

Your Score History

You have not taken this quiz